00590nam a22001697a 4500003000400000008004100004020001800045100002100063245007700084260003800161300001000199650002500209700001000234942001200244999001700256952014700273OSt250227b |||||||| |||| 00| 0 eng d a9788197978579 aVERMA, Dinesh C  aTransformative Intelligence : The Convergence of AI and ML Technologies  aNew Delhi bNaples Indian c2024. a341p. aFaculty Publication  aNish  2ddccBK c13157d13157 00102ddc40708Faculty PublicationaPIETbPIETd2025-02-27eNaples IndiafINRg480.00l0p38666r2025-02-27 00:00:00v480.00w2025-02-04yBK